LEADER 01325nam a2200289 i 4500 001 000000245723 003 CaOOAMICUS 005 20151014000000.0 008 151014n it u000 u ita u 013 $a224628 040 $aSeMil$bita 245 10$aMessaggio di Sua Santità Giovanni Paolo 2. per la celebrazione della «Giornata mondiale della Pace» :$b1 gennaio 1992. 260 $aCittà del Vaticano :$bLibreria Editrice Vaticana,$c[1992?] 300 $a11 p. ;$c32 cm. 500 $aFondo card. Giovanni Colombo. 650 4$aGiovanni Paolo II - Pace.$0(OLS)http://semarc/subject/36239 700 0 $aIoannes Paulus II,$c.$0(OLS)http://semarc/name/646 850 $aSeMil 852 $aSeMil$W1$xVenegono$y1$m3GC VIII 213/21$j196069$B196069$CSeMilBibl$Z2$F206803 $8B 900 1 $aWojtyla, Karol,$d<1920-2005>. 900 0 $aGiovanni Paolo II$c. 941 1 $a3 961 $aLascito: Colombo Card. Giovanni 996 $6245$aMessaggio di Sua Santità Giovanni Paolo 2. per la celebrazione della «Giornata mondiale della Pace» :$b1 gennaio 1992$9(OLS)http://semarc/title/347373 996 $6260$aCittà del Vaticano :$bLibreria Editrice Vaticana$9(OLS)http://semarc/publisher/29734 LEADER 01437nam a2200241 4500 001 000000359252 003 CaOOAMICUS 005 20260312125305.0 008 240806s1804 fr a 000 u fre r 026 $eE.++ ise. ure. laor (3) 1804 (A) 040 $aSeMil$bita 100 11$aHuber, Michael,$d<1727-1804>.$0(OLS)http://semarc/name/120138 245 10$aTome septième renfermant l'École de France. 264 1$aA Zuric :$bchez Orell, Fussli et compagnie,$c1804. 300 $a[2], 328, 38 p. :$bill. ;$c8° 500 $aSegn.: ?² A-Y? Z? 700 1 $aRost, Carl Christian Heinrich,$d<1742-1798>.$0(OLS)http://semarc/name/120139 773 0 $aHuber, Michael <1727-1804>$tManuel des curieux et des amateurs de l'art, contenant une notice abrégée des principaux graveurs, et un catalogue raisonné de leurs meilleurs ouvrages; depuis le commencement de la gravure jusque à nos jours: les artistes ranges par ordre chronologique, et divisés par école. Par M. Huber et C. C. H. Rost. Tome 1. [-8.].$dA Londres : chez Henri Escher, Broadstreet Bloomsbury, 1797-1804.$g5$w()359245 850 $aSeMil 852 $aSeMil$W1$xVenegono$y1$m3XC IV 27 FA$j250128$B250295$CSeMilBibl$Z2$F250295 $8I 996 $6245$aTome septième renfermant l'École de France$9(OLS)http://semarc/title/449692 996 $6264$aA Zuric :$bchez Orell, Fussli et compagnie$9(OLS)http://semarc/publisher/61870